000 00933caa a22002417a 4500
999 _c408675
_d408675
001 122379
003 UA-OsUOA
005 20200221165458.0
007 ta
008 20170425b un ||||| |||| 00| 0 ukr d
040 _aUA-OsUOA
_bukr
_cUA-OsUOA
_dUA-OsUOA
041 _aukr
080 _a908
090 _a908
_bВ55
100 _aОгородник І.
245 _aВишенський Іван (між 1545–1550 – бл. 1620): Український письменник, критик, сатирик, мислитель
_cІ. Огородник
300 _aС. 28–33
650 7 _a908 Краєзнавство
_2UDC
773 0 _0308332
_9304788
_aОгородник І.В.
_dКиїв Либідь 1997
_o62460
_tУкраїнська філософія в іменах
_w(UA-OsUOA) 22118
_z5-325-00792-0
942 _cBKA
_2udc
955 _a2